La organización laboral del imperio inca: las autoridades locales básicas
-д хадгалсан:
| Үндсэн зохиолч: | |
|---|---|
| Формат: | Ном |
| Хэл сонгох: | испани |
| Хэвлэсэн: |
Madrid, España
Iberoamericana
2007
|
| Цуврал: | Tiempo Emulado Historia de América y España
|
| Нөхцлүүд: | |
| Шошгууд: |
Шошго нэмэх
Шошго байхгүй, Энэхүү баримтыг шошголох эхний хүн болох!
|
MARC
| LEADER | 00000nam a2200000 a 4500 | ||
|---|---|---|---|
| 001 | UCI8826 | ||
| 003 | CL-VaPUC | ||
| 005 | 20230913161459.0 | ||
| 008 | 081009e20070000SP |||||||||||||||||spa|d | ||
| 999 | |c 331592 |d 331590 | ||
| 020 | |a 9788484893400 | ||
| 040 | |c Pontificia Universidad Católica de Valparaíso | ||
| 082 | 0 | 4 | |a 331.985 STE 2007 |2 21 |
| 100 | 0 | |a Sternfeld, Gabriela |e author |9 532444 | |
| 245 | 1 | 3 | |a La organización laboral del imperio inca: |b las autoridades locales básicas |
| 260 | |a Madrid, España |b Iberoamericana |c 2007 | ||
| 300 | |a 333 páginas | ||
| 490 | 0 | |a Tiempo Emulado Historia de América y España | |
| 583 | |a last modification |c 20081009 00:00:00 |k Rodrigo Vera | ||
| 600 | 0 | 7 | |a IMPERIO INCA |2 CL-VaPUC |9 368674 |
| 650 | 7 | |a INCAS |2 CL-VaPUC |9 256565 | |
| 650 | 0 | |a Historia del Perú |9 430972 | |
| 650 | 0 | |a Etnografía |z PERU |9 309735 | |
| 650 | 0 | |a Historia del Perú |9 430972 | |
| 650 | 7 | |a HISTORIA COLONIAL DEL PERU |2 CL-VaPUC |9 530288 | |
| 852 | |a BIBCUR | ||
| 942 | |c BK |2 ddc | ||
| 945 | |d 20081009 00:00:00 |a rbrito | ||
| 952 | |0 0 |1 0 |2 ddc |4 0 |6 331_985000000000000_STE_2007 |7 0 |8 A |9 418359 |a BIBHIS |b BIBHIS |d 2019-11-22 |i 4486064 |o 331.985 STE 2007 |p 4486064 |r 2025-01-20 |t 1 |w 2019-11-22 |y BK |k HIS | ||